| 000 | 00483nam a22001697a 4500 | ||
|---|---|---|---|
| 005 | 20251108164138.0 | ||
| 008 | 250721s1988 xx 000 0 ara d | ||
| 082 | 1 | 4 | _a301.2/عبد |
| 100 | 1 | _aعيد، عبد الرزاق | |
| 245 | 1 | 0 | _aالثقافي الجمالي الإيديولوجي / |
| 264 | 1 |
_aاللاذقية : _bدار الجوار للنشر، _c1988. |
|
| 300 | _a120ص | ||
| 650 | 1 | 7 | _aالثقافة |
| 650 | 1 | 7 | _aالأدب |
| 942 |
_2ddc _cBK |
||
| 999 |
_c4779 _d4779 |
||